[Event "Budapest Karacsonyi op 10th"]
[Site "Budapest"]
[Date "2018.12.28"]
[Round "2"]
[White "Bartuszek, Andras"]
[Black "Nemeth, Miklos1111"]
[Result "0-1"]
[WhiteElo "1817"]
[BlackElo "2085"]
[PlyCount "96"]
[EventDate "2018.12.27"]
[EventType "swiss"]
[EventRounds "7"]
[EventCountry "HUN"]
[SourceTitle "CBM 188 Extra"]
[Source "ChessBase"]
[SourceDate "2019.02.26"]
[SourceVersion "1"]
[SourceVersionDate "2019.02.26"]
[SourceQuality "1"]

1. e4 c5 2. Nf3 d6 3. d4 cxd4 4. Nxd4 Nf6 5. Nc3 g6 6. Be3 Bg7 7. Be2 Nc6 8. Qd2 Bd7 9. f3 Rc8 10. Nxc6 bxc6 11. 0-0 c5 12. Rab1 0-0 13. Bh6 Qb6 14. Bxg7 Kxg7 15. Kh1 Bc6 16. Nd5 Bxd5 17. exd5 c4 18. Qc3 Kg8 19. Rfd1 Rc5 20. Bxc4 Rfc8 21. b3 Nxd5 22. Qe1 Qb7 23. Qe4 e6 24. Rbc1 Qc6 25. Bxd5 exd5 26. Qd3 Rxc2 27. Rxc2 Qxc2 28. Qxd5 Qxa2 29. h4 Qf2 30. Qd4 Qxd4 31. Rxd4 Rd8 32. Kg1 Kg7 33. f4 Kf6 34. g4 Ke6 35. Kf2 Rb8 36. b4 Rb5 37. Ke3 a5 38. bxa5 Rxa5 39. Rd3 h5 40. f5+ gxf5 41. gxh5 Ra4 42. Rd4 Rxd4 43. Kxd4 f6 44. h6 Kf7 45. h5 Kg8 46. Ke3 d5 47. Kf4 d4 48. Kxf5 d3 0-1

[Event "Budapest Karacsonyi op"]
[Site "Budapest"]
[Date "2017.12.28"]
[Round "3"]
[White "Bartuszek, Andras"]
[Black "Laszlo, Csaba"]
[Result "1-0"]
[WhiteElo "1816"]
[BlackElo "1674"]
[PlyCount "47"]
[EventDate "2017.12.27"]
[EventType "swiss"]
[EventRounds "7"]
[EventCountry "HUN"]
[SourceTitle "CBM 182 Extra"]
[Source "ChessBase"]
[SourceDate "2018.02.23"]
[SourceVersion "1"]
[SourceVersionDate "2018.02.23"]
[SourceQuality "1"]

1. e4 e5 2. Nf3 Nc6 3. Bb5 a6 4. Ba4 Nf6 5. d3 d6 6. c3 Bd7 7. Nbd2 Be7 8. Nf1 0-0 9. Ng3 h6 10. h3 Nh7 11. Be3 Ng5 12. Qd2 b5 13. Bd1 Nxf3+ 14. Bxf3 Rb8 15. h4 a5 16. Bxh6 gxh6 17. Qxh6 Bf6 18. Nh5 Bh8 19. 0-0-0 Qe7 20. Rh3 Bxh3 21. gxh3 f6 22. Rg1+ Kf7 23. Qg6+ Ke6 24. Bg4# 1-0

[Event "HUN-chT2 Breyer 1516"]
[Site "Hungary"]
[Date "2016.02.14"]
[Round "7.10"]
[White "Bagdi, Timea"]
[Black "Bartuszek, Andras"]
[Result "1-0"]
[WhiteElo "1950"]
[BlackElo "1812"]
[PlyCount "71"]
[EventDate "2015.09.13"]
[EventType "team-tourn"]
[EventRounds "11"]
[EventCountry "HUN"]
[SourceTitle "EXT 2017"]
[Source "ChessBase"]
[SourceDate "2016.10.25"]
[SourceVersion "1"]
[SourceVersionDate "2016.10.25"]
[SourceQuality "1"]
[WhiteTeam "Naszaly Geniusz Tata"]
[BlackTeam "Kobanya Aquarena"]
[WhiteTeamCountry "HUN"]
[BlackTeamCountry "HUN"]

1. d4 Nf6 2. Nf3 g6 3. c4 Bg7 4. Nc3 d5 5. Bf4 0-0 6. cxd5 Nxd5 7. Nxd5 Qxd5 8. Bxc7 Na6 9. Be5 Bf5 10. Qa4 Rac8 11. e3 Bxe5 12. Nxe5 Rc2 13. f3 Rfc8 14. Bc4 R2xc4 15. Nxc4 b5 16. Qxa6 Qxc4 17. Rd1 Qb4+ 18. Kf2 Rc2+ 19. Kg3 Qxb2 20. Rhg1 Qc3 21. Qxa7 Qxe3 22. Qb8+ Rc8 23. Qf4 Qa3 24. Qe5 f6 25. Qd5+ e6 26. Qd7 e5 27. Qd5+ Kg7 28. dxe5 Rc4 29. exf6+ Kh6 30. Rd4 Be6 31. Qe4 g5 32. h4 gxh4+ 33. Qxh4+ Kg6 34. Rxc4 bxc4 35. Rh1 Qd6+ 36. Qf4 1-0

[Event "HUN-chT2 Breyer 1516"]
[Site "Hungary"]
[Date "2015.10.04"]
[Round "2.11"]
[White "Bartuszek, Andras"]
[Black "Varga, Zoltan"]
[Result "1-0"]
[WhiteElo "1812"]
[BlackElo "1356"]
[PlyCount "99"]
[EventDate "2015.09.13"]
[EventType "team-tourn"]
[EventRounds "11"]
[EventCountry "HUN"]
[SourceTitle "CBM 170 Extra"]
[Source "ChessBase"]
[SourceDate "2016.02.25"]
[SourceVersion "1"]
[SourceVersionDate "2016.02.25"]
[SourceQuality "1"]
[WhiteTeam "Kobanya Aquarena"]
[BlackTeam "Turul"]
[WhiteTeamCountry "HUN"]
[BlackTeamCountry "HUN"]

1. e4 e5 2. Nf3 Nc6 3. Bb5 Nge7 4. c3 d5 5. Nxe5 dxe4 6. Qe2 Qd5 7. Nxc6 Nxc6 8. Bc4 Qe5 9. d4 exd3 10. Bxd3 Qxe2+ 11. Bxe2 Bd6 12. Be3 Be6 13. Bf3 0-0 14. Nd2 Rfe8 15. 0-0 Rab8 16. b3 Be5 17. Rac1 Red8 18. Rfd1 Bd5 19. Be2 Rd6 20. c4 Be6 21. Ne4 Rxd1+ 22. Rxd1 Bf5 23. Bf3 b6 24. Ng3 Ne7 25. Bg5 f6 26. Nxf5 Nxf5 27. Bd5+ Kh8 28. Bc1 Rd8 29. g4 Nd4 30. Kf1 c6 31. Be4 c5 32. f4 Bd6 33. Be3 Ne6 34. f5 Nc7 35. Bf4 Be7 36. Rxd8+ Bxd8 37. Ke2 Kg8 38. Bd6 Kf7 39. Kd3 Na6 40. a3 Bc7 41. Bd5+ Ke8 42. Bc6+ Kf7 43. Bxc7 Nxc7 44. Ke4 Ne8 45. Bxe8+ Kxe8 46. Kd5 Kd7 47. h4 a6 48. g5 g6 49. fxg6 hxg6 50. gxf6 1-0

[Event "Budapest Art Pub Cup 8th"]
[Site "Budapest"]
[Date "2015.07.12"]
[Round "6"]
[White "Kalmar, Karoly"]
[Black "Bartuszek, Andras"]
[Result "0-1"]
[WhiteElo "1897"]
[BlackElo "1835"]
[PlyCount "80"]
[EventDate "2015.07.09"]
[EventType "swiss"]
[EventRounds "7"]
[EventCountry "HUN"]
[SourceTitle "CBM 167 Extra"]
[Source "ChessBase"]
[SourceDate "2015.09.14"]
[SourceVersion "1"]
[SourceVersionDate "2015.09.14"]
[SourceQuality "1"]

1. e4 c5 2. Nc3 d6 3. g3 g6 4. Bg2 Bg7 5. d3 Nf6 6. h3 0-0 7. Nge2 e5 8. 0-0 Be6 9. Be3 Nc6 10. Nd5 Qd7 11. Kh2 b5 12. c3 Bxd5 13. exd5 Ne7 14. Bg5 h6 15. Bxf6 Bxf6 16. f4 Nf5 17. Qd2 Kg7 18. Be4 Ne7 19. Rg1 Rae8 20. Raf1 h5 21. Qe1 Rh8 22. Qf2 Ng8 23. Qf3 b4 24. Rf2 Bd8 25. c4 Nf6 26. Kg2 Rh6 27. Rff1 Reh8 28. fxe5 dxe5 29. Rh1 Nh7 30. Qf2 Bb6 31. Ng1 f5 32. Bf3 Nf6 33. Re1 Qd6 34. Qe3 Bc7 35. Ne2 Re8 36. Nc1 e4 37. Bd1 g5 38. Nb3 Nd7 39. dxe4 Rxe4 40. Qd3 Ne5 0-1

[Event "Budapest Art Pub Cup 7th"]
[Site "Budapest"]
[Date "2015.03.13"]
[Round "1"]
[White "Karacsonyi, Kata"]
[Black "Bartuszek, Andras"]
[Result "0-1"]
[WhiteElo "1487"]
[BlackElo "1875"]
[PlyCount "28"]
[EventDate "2015.03.13"]
[EventType "swiss"]
[EventRounds "6"]
[EventCountry "HUN"]
[SourceTitle "CBM 165 Extra"]
[Source "ChessBase"]
[SourceDate "2015.04.21"]
[SourceVersion "1"]
[SourceVersionDate "2015.04.21"]
[SourceQuality "1"]

1. e4 c6 2. d4 e6 3. Bd3 d5 4. exd5 Qxd5 5. Nf3 Nf6 6. 0-0 b5 7. Nc3 Qh5 8. h3 b4 9. Bg5 bxc3 10. Be2 h6 11. Ne5 Qxg5 12. f4 Qh4 13. Kh2 Ne4 14. Qd3 Nd2 0-1

[Event "Budapest Karacsonyi op 6th"]
[Site "Budapest"]
[Date "2014.12.27"]
[Round "1"]
[White "Kormos, Adam"]
[Black "Bartuszek, Andras"]
[Result "0-1"]
[WhiteElo "2143"]
[BlackElo "1846"]
[PlyCount "76"]
[EventDate "2014.12.27"]
[EventType "swiss"]
[EventRounds "7"]
[EventCountry "HUN"]
[SourceTitle "EXT 2020"]
[Source "ChessBase"]
[SourceDate "2019.10.17"]
[SourceVersion "1"]
[SourceVersionDate "2019.10.17"]
[SourceQuality "1"]

1. e4 c5 2. Nf3 d6 3. Bb5+ Bd7 4. a4 a6 5. Bxd7+ Qxd7 6. a5 Qc6 7. 0-0 Nd7 8. d4 Ngf6 9. Nc3 e5 10. dxe5 dxe5 11. Bg5 Be7 12. Bxf6 Bxf6 13. Qd5 Qxd5 14. Nxd5 0-0-0 15. Ra3 Rde8 16. Rd1 Re6 17. Rad3 c4 18. Rc3 Rc6 19. Nd2 Rd8 20. Rxc4 Kb8 21. Rxc6 bxc6 22. Nb4 Kb7 23. Nc4 Nc5 24. Nd6+ Kc7 25. Nd5+ cxd5 26. Nxf7 Rd7 27. exd5 Rxf7 28. b4 Nb7 29. c4 Be7 30. b5 axb5 31. a6 Bc5 32. axb7 Rxf2 33. d6+ Kxb7 34. Rd5 Ba7 35. c5 Rf8 36. d7 Rd8 37. Kf1 Kc6 38. Rxe5 Bxc5 0-1

[Event "Budapest Art Pub Cup 4th"]
[Site "Budapest"]
[Date "2014.04.19"]
[Round "5"]
[White "Bartuszek, Andras"]
[Black "Juhasz, Bela"]
[Result "0-1"]
[WhiteElo "1925"]
[BlackElo "2114"]
[PlyCount "62"]
[EventDate "2014.04.16"]
[EventType "swiss"]
[EventRounds "7"]
[EventCountry "HUN"]
[SourceTitle "EXT 2015"]
[Source "ChessBase"]
[SourceDate "2014.11.20"]
[SourceVersion "1"]
[SourceVersionDate "2014.11.20"]
[SourceQuality "1"]

1. e4 c5 2. Nf3 e6 3. d4 cxd4 4. Nxd4 a6 5. Bd3 Nf6 6. 0-0 d6 7. c4 g6 8. Bg5 Bg7 9. Nc3 Nbd7 10. Rc1 0-0 11. Nb3 Qc7 12. Qe2 b6 13. f4 Bb7 14. Kh1 Rac8 15. f5 Ne5 16. fxe6 fxe6 17. Nd4 Rce8 18. Rf4 Nxd3 19. Qxd3 e5 20. Rxf6 Bxf6 21. Nd5 Bxd5 22. cxd5 Qd7 23. Bxf6 Rxf6 24. Ne6 Rc8 25. Rd1 Qb5 26. Qb1 Rc2 27. h3 Qe2 28. Rg1 Rf2 29. Re1 Rxb2 30. Qc1 Rc2 31. Qe3 Rf1+ 0-1

[Event "Budapest Karacsonyi op 5th"]
[Site "Budapest"]
[Date "2013.12.29"]
[Round "5"]
[White "Teglas, Balazs"]
[Black "Bartuszek, Andras"]
[Result "1-0"]
[WhiteElo "2206"]
[BlackElo "1922"]
[PlyCount "77"]
[EventDate "2013.12.27"]
[EventType "swiss"]
[EventRounds "7"]
[EventCountry "HUN"]
[SourceTitle "CBM 158 Extra"]
[Source "ChessBase"]
[SourceDate "2014.02.28"]
[SourceVersion "1"]
[SourceVersionDate "2014.02.28"]
[SourceQuality "1"]

1. d4 Nf6 2. Bf4 g6 3. e3 Bg7 4. h3 d5 5. Nf3 0-0 6. Be2 c5 7. c3 cxd4 8. exd4 Nc6 9. 0-0 Ne4 10. Nbd2 f5 11. Bh2 Bh6 12. Nb3 b6 13. Nc1 Be6 14. Nd3 Na5 15. Nfe5 Nc4 16. Nxc4 dxc4 17. Ne5 Rc8 18. Qa4 Nd6 19. Bf3 a5 20. Rfe1 b5 21. Qc2 Bd7 22. Nxd7 Qxd7 23. Bd5+ Kh8 24. Be5+ Bg7 25. Be6 Qb7 26. Bxg7+ Kxg7 27. Bxc8 Rxc8 28. Re6 Rf8 29. Rae1 Rf7 30. Qe2 Kf8 31. Qe5 Kg8 32. Rxe7 Rxe7 33. Qxe7 Qxe7 34. Rxe7 b4 35. Rc7 Kf8 36. Rc5 Ke7 37. Rxa5 bxc3 38. bxc3 Kd7 39. Rc5 1-0

[Event "Budapest Karacsonyi op 5th"]
[Site "Budapest"]
[Date "2013.12.28"]
[Round "2"]
[White "Bartuszek, Andras"]
[Black "Cserba, Andras"]
[Result "0-1"]
[WhiteElo "1922"]
[BlackElo "2131"]
[PlyCount "116"]
[EventDate "2013.12.27"]
[EventType "swiss"]
[EventRounds "7"]
[EventCountry "HUN"]
[SourceTitle "CBM 158 Extra"]
[Source "ChessBase"]
[SourceDate "2014.02.28"]
[SourceVersion "1"]
[SourceVersionDate "2014.02.28"]
[SourceQuality "1"]

1. e4 c5 2. Nf3 Nc6 3. d4 cxd4 4. Nxd4 d6 5. Bc4 g6 6. Bb3 Bg7 7. Be3 Nf6 8. f3 0-0 9. Nc3 Nxd4 10. Bxd4 Qa5 11. Qd2 Be6 12. 0-0 Rfc8 13. Rfd1 Bc4 14. Kh1 b5 15. Bxf6 Bxf6 16. Nd5 Qxd2 17. Nxf6+ Kg7 18. Nh5+ Kh6 19. Rxd2 Kxh5 20. Bxc4 bxc4 21. c3 Kg5 22. g3 f5 23. exf5 gxf5 24. Re1 Kf6 25. f4 Rab8 26. Rde2 Rc7 27. Rd1 Rb6 28. Kg2 Rcb7 29. Rdd2 e5 30. fxe5+ dxe5 31. Kf3 h5 32. h4 Ke6 33. a3 Rb8 34. Kf2 Rd6 35. Rxd6+ Kxd6 36. Rd2+ Ke6 37. Ke2 Rg8 38. Kf2 Rg4 39. Rd8 f4 40. gxf4 Rxf4+ 41. Ke3 Rxh4 42. Ra8 Rh2 43. Rxa7 Rxb2 44. Ra6+ Kf5 45. Rc6 Rb3 46. Rxc4 Rxa3 47. Rc8 h4 48. Rf8+ Ke6 49. Kd3 Ra1 50. Rh8 Rh1 51. Ke4 Kf6 52. Rh6+ Kg5 53. Rh8 h3 54. Kxe5 h2 55. Rg8+ Kh6 56. Rh8+ Kg7 57. Rxh2 Rxh2 58. c4 Rh6 0-1